00262nam a2200109Ia 4500008004100000100002000041245002100061260002600082650002000108942000700128999001700135190216s9999||||xx |||||||||||||| ||und|| aKesavamenon K P 0aPoorna Jeevitham bPoorna Pubs Kozhikode aEssay Malayalam cBK c26194d26194